000 00730nam a2200217 u 4500
005 20240928063756.0
008 170328s1995 r 000 0 eng d
020 _a9683805027
035 _aUPN01000217101
049 _aCG
050 4 _aHD58.8
_bL6.7
100 1 _aLowenthal, Jeffrey N.,
_d1958-
_940321
245 1 0 _aReingeniería de la organización :
_benfoque sistemático para la revitalización corporativa /
_cJeffrey N. Lowenthal ; tr. Juan Carlos Jolly.
260 _aMéxico :
_bPanorama,
_c1995.
300 _a191 p.
534 _pTítulo original :
_tReengineering the organization
650 4 _aCambio organizacional
_94984
650 4 _aEmpresas
_xAdministración
_9229
905 _aLibro
999 _c189201
_d189201